Celebrities who have called out Jenner. - Statistics

General Stats
  • This quiz has been taken 15 times
  • The average score is 8 of 15
Answer Stats
Hint Answer % Correct
"MY NAME IS WILL SMITH AND I AM CALLING OUT!" Will Smith
100%
"Hi my name is Adolf Hitler and I am calling out Jenner!!!!" Adolf Hitler
77%
"Hey b ... Jenner just [REDACTED] The little men! My name is Paul Rudd!" Paul Rudd
77%
Captial of Greece? Athens
69%
Captial of Germany? Berlin
69%
Type in 4 4
62%
Who was the leader of Russia in 2020? Putin
62%
John Richardson John Richardson
54%
Captial of Sweden? Stockholm
54%
"MY NAME IS WILL HOGANi AND I AM CALLING OUT!" Will Hogani
54%
"KEEEEEEEEEEEEEEEEEEEEE" K
46%
What name starts with TOMES TOMES
46%
What is the HRE? Holy Roman Empire
38%
What war was the German Empire in? WW1
38%
"Dingy ding bang chingy bear P" Young martin
0%
No matching quizzes found
Score Distribution
Percent of People with Each Score
Percentile by Number Answered
Your Score History
You have not taken this quiz